LIBRARY & INFORMATION CENTRE, KCAET, TAVANUR

ONLINE PUBLIC ACCESS CATALOGUE (OPAC)

Milk & Milk Products Technology (Record no. 15616)

MARC details
000 -LEADER
fixed length control field 00405nam a22001577a 4500
003 - CONTROL NUMBER IDENTIFIER
control field OSt
008 - FIXED-LENGTH DATA ELEMENTS--GENERAL INFORMATION
fixed length control field 190520b ||||| |||| 00| 0 eng d
020 ## - INTERNATIONAL STANDARD BOOK NUMBER
ISBN 9789382471530
082 ## - DEWEY DECIMAL CLASSIFICATION NUMBER
Classification number 637.1
Item number RAZ/MI
100 ## - MAIN ENTRY--AUTHOR NAME
Personal name Raziuddin, Mohammad.
245 ## - TITLE STATEMENT
Title Milk & Milk Products Technology
260 ## - PUBLICATION, DISTRIBUTION, ETC. (IMPRINT)
Place of publication Delhi
Name of publisher Jaya Publishing House
Year of publication 2014
300 ## - PHYSICAL DESCRIPTION
Number of Pages 210 p.
700 ## - ADDED ENTRY--PERSONAL NAME
Personal name Hembade, Ashok
942 ## - ADDED ENTRY ELEMENTS (KOHA)
Koha item type Books
Holdings
Withdrawn status Lost status Damaged status Collection code Home library Current library Shelving location Date acquired Cost, normal purchase price Full call number Accession Number Koha item type
      Non-fiction KAUAET KAUAET General Stacks 20/05/2019 2895.00 637.1 RAZ/MI 25812 Books
free website counter